| 000 | 01182nam a2200325 a 4500 | ||
|---|---|---|---|
| 003 | AR-BaBNM | ||
| 005 | 20251128203850.0 | ||
| 008 | 082120s2002 ||||||||||||||000 | spa|| | ||
| 040 | _cAR-BaBNM | ||
| 100 | 1 | _aAdams, Sam | |
| 245 | 0 | 0 |
_aCómo ser un buen maestro _buna introducción a la pedagogía |
| 260 |
_aBuenos Aires _bKapelusz _c1970 |
||
| 300 | _a253 p. | ||
| 490 | 0 | _aBiblioteca de cultura pedagógica | |
| 500 | _aEsta edición ha sido preparada conjuntamente por Editorial Kapelusz y el Centro Regional de Ayuda Técnica, Agencia para el Desarrollo Internacional AID, Departamento de Estado del Gobierno de los Estados Unidos de América | ||
| 504 | _aContiene bibliografía al final de cada capítulo | ||
| 650 | 4 | _aROL DEL DOCENTE | |
| 650 | 4 | _aFORMACION DE DOCENTES | |
| 650 | 4 | _aENSEÑANZA | |
| 650 | 4 | _aCONDICIONES DE TRABAJO DEL DOCENTE | |
| 650 | 4 | _aTEORIAS DE LA EDUCACION | |
| 650 | 4 | _aCONDUCCION DE LA CLASE | |
| 650 | 4 | _aSELECCION DE MATERIAL DIDACTICO | |
| 650 | 4 | _aDISCIPLINA | |
| 653 | _aPROCESO DE ENSEÑANZA-APRENDIZAJE | ||
| 700 | 1 | _aGarrett, John L. | |
| 700 | 1 |
_aThomas, Juan Jorge _etraductor |
|
| 942 | _cBK | ||
| 998 | _csilvi | ||
| 999 |
_c5241 _d5241 |
||